000 00621nam a2200205Ia 4500
003 OSt
005 20220925215341.0
006 a|||||r|||| 00| 0
007 ta
008 220923b |||||||| |||| 00| 0 eng d
037 _cGeneral Book
040 _aRTL
_cRTL
_beng
041 _2eng
_aeng
082 _aX:5-53.56124.N55, J5
245 0 _aReview of the General Agreement on tariffs and trade
_b Statemenent of Policy
260 _aLondon
_bHer Majesty's staationary office
_c1955
300 _aviii; 97p.
_ccm.
942 _hX:5-53.56124.N55, J5
_cGB
_2CC
999 _c568574
_d568574